| 000 | 01582nam0a22003371 4500 | ||
|---|---|---|---|
| 001 | rc\2277980 | ||
| 005 | 20241217145639.0 | ||
| 035 | _a(NLR Aleph) 006557746 | ||
| 090 |
_a6810200 _c6810200 |
||
| 100 | _a20110829d1979 |||y0rusy50 ca | ||
| 101 | 0 | _arus | |
| 102 | _aRU | ||
| 105 | _aa z ||||| | ||
| 200 | 1 |
_aСопла воздушно-реактивных двигателей с отклоняемым вектором тяги _fК.Н. Попов, В.Д. Соколов, Н.И. Хвостов _gПод ред. Н.И. Хвостова |
|
| 210 |
_aМосква _cМашиностроение _d1979 |
||
| 215 |
_a145 с. _cил. _d21 |
||
| 320 | _aБиблиогр.: с. 144 (25 назв.) | ||
| 606 |
_aАвиационные двигатели воздушно-реактивные _xСопла _2psbo |
||
| 607 |
_aСамолеты с вертикальным взлетом и посадкой _xСиловое оборудование _2psbo |
||
| 686 |
_aО551.4-049.1,0 _2rubbk |
||
| 700 | 1 |
_aПопов _bК. Н. _cспециалист в обл. самолетостроения _gКонстантин Николаевич _3RU\NLR\AUTH\770230440 |
|
| 701 | 1 |
_aХвостов _bН. И. _gНиколай Иванович |
|
| 701 | 1 |
_aСоколов _bВ. Д. _cавиамеханик, писатель _gВиктор Дмитриевич _3RU\NLR\AUTH\770275107 |
|
| 801 | 0 |
_aRU _bNLR _gpsbo |
|
| 801 | 1 |
_aRU _bELAR _2rusmarc |
|
| 852 |
_aNLR _j79-5/3526 |
||
| 899 |
_aRuMoRGB _jB 79-4/508 |
||
| 899 |
_aRuMoRGB _jB 79-4/509 |
||
| 942 | _cBOOK | ||
| 980 | _aNB | ||